¿Cuánto sabes de Navidad? #2 - Estadísticas

Estadísticas generales
  • Esta prueba ha sido intentada 189 veces
  • La puntuación promedio es 7 de 10
Estadísticas de respuestas
Pregunta Respuesta % Correcto
¿Qué es lo que regala Papa Noel cuando un niño se portó mal este año? Carbón
100%
¿Qué temperatura está en el Polo Norte? Frío
100%
¿Papa Noel tiene barba?
100%
¿Cuál es el vehículo de Papa Noel? Trineo
100%
¿Papa Noel conoce a los padres?
89%
¿De qué color son los ojos de Papa Noel Azul
72%
¿Cuántos regalos regala en promedio Papa Noel? 1000 millones a 1800 millones
56%
Si tu cumpleaños es el 25 de diciembre tendrás doble regalo. A veces
50%
Papa Noel existe un infinito tiempo Falso
17%
¿Los regalos los hace o los trae de China? Los trae de China
11%
No se encontraron pruebas coincidentes
Distribución de puntuación
Porcentaje de gente con cada puntuación
Porcentaje por número respondido
Historial de tus puntuaciones
No has intentado esta prueba.